Statistics for Countries Where Arabic is the Official Language

Click here to take the quiz!

General Stats

  • This quiz has been taken 160 times
  • The average score is 22 of 24

Answer Stats

Country% Correct
Iraq
99%
Saudi Arabia
98%
Algeria
97%
Qatar
97%
Oman
96%
Yemen
96%
Lebanon
95%
Tunisia
95%
Egypt
94%
Morocco
94%
United Arab Emirates
94%
Bahrain
93%
Jordan
93%
Kuwait
93%
Sudan
93%
Syria
93%
Libya
92%
Somalia
86%
Djibouti
84%
Chad
83%
Israel
82%
Mauritania
82%
Eritrea
75%
Comoros
59%

Score Distribution

Percentile by Number Answered

Percent of People with Each Score

Your Score History

You have not taken this quiz